000
00266nam a22001217a 4500
008
170227b xxu||||| |||| 00| 0 alb d
041
_a
alb
080
_a
577
100
_a
5
101
_a
SHMB
245
_a
BIOKIMIA NE PRAKTIKEN KLINIKE
_c
SHTETO, K
942
_2
udc
_c
BK
999
_c
6334
_d
6334